Malování,malířské efekty a speciální úpravy

Gespeichert in:
Bibliographische Detailangaben
1. Verfasser: Cohenová, Sacha (Verfasst von)
Format: Buch
Sprache:Tschechisch
Veröffentlicht: Dobřejovice : Rebo, 2000
Tags: Tag hinzufügen
Keine Tags, Fügen Sie das erste Tag hinzu!

MARC

LEADER 00000nam a22000003a 4500
001 stu73250
005 20150617225649.1
008 020117s2000----xr------------------cze-d
020 |a 80-7234-149-9 
040 |a STU  |b slo 
041 0 |a cze 
044 |a xr 
080 |a 747  |7 stu_us_auth*stu4309 
080 |a 698.1 
100 1 |a Cohenová, Sacha  |4 aut 
245 1 |a Malování,malířské efekty a speciální úpravy 
260 |a Dobřejovice :  |b Rebo,  |c 2000 
300 |a 256 s.;obr 
500 |a prel. z angl.orig. 
996 |b 284V027984  |c V*47106/O-20718  |l VVT  |s A  |a 24  |w stu73250_0001